El valor incomparable de la leche materna.

Guardat en:
Dades bibliogràfiques
Autor corporatiu: Organización Panamericana de la Salud (OPS), Organización Mundial de la Salud (OMS)
Format: Llibre
Idioma:espanyol
Col·lecció:(Población científica ; no. 250)
Matèries:
Etiquetes: Afegir etiqueta
Sense etiquetes, Sigues el primer a etiquetar aquest registre!

MARC

LEADER 00000cam^a2200000uu^4500
001 000473421
005 20250521000000.0
008 050901s1972^^^^^^^^^^^^rd^r^^000^0^spa^d
009 20260310124713.326
035 |a FCE 000016258 
035 |a FCE 013036 
037 |a Acervo ITESO - Biblioteca 
041 |a spa 
082 0 4 |a 612.664  |b OPSv 
110 |a Organización Panamericana de la Salud (OPS) 
245 1 3 |a El valor incomparable de la leche materna. 
264 |a Washington :  |b OPS,  |c 1972. 
300 |a 68 p. 
336 |a texto  |b txt  |2 rdacontenido 
337 |a sin mediación  |b n  |2 rdamedio 
338 |a volumen  |b nc  |2 rdasoporte 
440 0 |a (Población científica ;  |v no. 250) 
649 |a XX 
650 |a Alimentación 
650 |a Desarrollo del niño 
650 |a Niño 
650 |a Lactancia 
710 |a Organización Mundial de la Salud (OMS) 
910 |a Fondo Centro de Estudios Educativos 
920 |a Impresos - Libros 
930 |a Fondos Especiales 
905 |a 133 
901 |a ALE013036  |b IT2  |c CEE  |u 20250521 
902 |a https://opac.biblio.iteso.mx/vufind/Record/000473421